000 00419nam a2200181Ia 4500
005 20240823014608.0
008 240823s9999||||xx |||||||||||||| ||und||
041 _aENGLISH
082 _A621.317 N1
100 _aBimbhra P S
245 0 _aPower Electronics
250 _a1st
260 _c1991
_b"Khanna,Delhi"
500 _aYES
650 _aPower Electronics
_bInstrumentation
942 _cBK
999 _c170448
_d170448